Sports Quiz

Random Sports or NBA Quiz

IMPOSSIBLE NBA PLAYER QUIZ for KOT4Q and Mike Korzemba Stats

 Plays Quiz not verified by Sporcle

Score 0/25 Timer 10:00
0 Plays Today
Hint Answer % Correct
I was the first athlete to become a billionaire.Michael Jordan
84%
I am the youngest player to ever have a triple double.Lebron James
75.1%
I am named after a Japanese SteakKobe Bryant
70.4%
I love Kobe Bryant but was a Clippers fan growing up. I will probably go to LA when my contract is up.Paul George
70.4%
I was born Ferdinand Lewis AlcindorKareem Abdul-Jabbar
68.1%
In Chile, my name replaced 'the truth' in speech. 'It's _____ ______' meant 'It's the truth.'Bill Russell
63.2%
I was a Harlem Globetrotter before joining the NBAWilt Chamberlain
58.4%
'the iceman' played in both the ABA and the NBA, who is he?George Gervin
57.7%
I played for the Bulls, Trail blazers and Rockets in my career making the playoffs 16 straight years of my 17 year career.Scottie Pippen
57.6%
The original Twitter logo is named after meLarry Bird
57.1%
I wanted to wear Jordan's number, but my parents told me to make another number famous, so I chose '15'Vince Carter
54.4%
I only picked up basketball because a hurricane made the only pool unusable.Tim Duncan
53.7%
My name was spelled wrong on my birth certificate, but we rolled with it.Dwyane Wade
52%
Hint Answer % Correct
I had the highest maximum vertical reach ever at pre-draft workouts.Shaquille O'Neal
47.3%
I called Dwight Howard too skinny to be an NBA player when he was 15Magic Johnson
46.5%
I am a current player who never lost a home game in college through 3 seasons.Paul Pierce
45.2%
I dated MadonnaDennis Rodman
42.1%
I was first to win MVP, Defensive Player of the Year and Finals MVP in the same yearHakeem Olajuwon
42%
I was the first nba player drafted straight from college 2 decades after the last one.Kevin Garnett
37.3%
Racism often forced me to sleep in college dorms instead of hotel rooms on road trip gamesOscar Robertson
33.4%
I used to have the nickname 'Black Moses' until my new nickname became popularJulius Erving
32.8%
I was born in France named Jaques but most know me as....Dominique Wilkins
23.1%
I became a practicing lawyer after retiring in 1969.Geroge Mikan
22.7%
I was born in 1945 and think Wilt Chamberlain is the greatest nba player of all time.Walt Frazier
18.1%
I enrolled in college but never played any games due to personal issuesShawn Kemp
9%

You're not logged in!

Compare scores with friends on all Sporcle quizzes.
Join for Free
OR
Log In

You Might Also Like...

Show Comments

Extras

Top Quizzes Today


Score Distribution

Your Account Isn't Verified!

In order to create a playlist on Sporcle, you need to verify the email address you used during registration. Go to your Sporcle Settings to finish the process.

Report this User

Report this user for behavior that violates our Community Guidelines.

Details: